000 00300nam a2200121Ia 4500
008 191201s2011 xx 000 0 und d
100 _aAGRAWAL, Kirti
245 0 _aPrinciples of Marketing B.COM II
260 _aN. Delhi
_bVikas Pub
_c2011
300 _a288
650 _aGeneral Books
942 _2ddc
_cBK
999 _c256
_d256